header

Bricks matter (Record no. 31801)

MARC details
000 -LEADER
fixed length control field 01541nam a2200349 a 4500
082 04 - DEWEY DECIMAL CLASSIFICATION NUMBER
Classification number 658.7
100 1# - MAIN ENTRY--AUTHOR NAME
Personal name Cecere, Lora M.
245 10 - TITLE STATEMENT
Title Bricks matter
260 ## - PUBLICATION, DISTRIBUTION, ETC. (IMPRINT)
Place of publication Hoboken :
Name of publisher Wiley,
Year of publication 2012.
300 ## - PHYSICAL DESCRIPTION
Number of Pages xvi, 303 p. :
Other physical details ill.
490 1# - SERIES STATEMENT
Series statement Wiley & SAS business series
505 0# - FORMATTED CONTENTS NOTE
Formatted contents note Foreword -- Preface -- Bricks matter -- Building value networks -- The new world of demand management : demand sensing, shaping, and translation -- The new world of supply management -- About the authors -- Index.
650 #0 - SUBJECT ADDED ENTRY--TOPICAL TERM
Topical Term Business logistics.
700 1# - ADDED ENTRY--PERSONAL NAME
Personal name Chase, Charles W.
856 40 - ELECTRONIC LOCATION AND ACCESS
Uniform Resource Identifier http://site.ebrary.com/lib/rucke/Doc?id=10641867

No items available.

© 2026 Rongo University
Contact us: librarian | system librarian | Rongo university